| 000 | 00776nam a22002291a 4500 | ||
|---|---|---|---|
| 001 | 21108 | ||
| 003 | CZ PrNK | ||
| 005 | 20260213144346.0 | ||
| 008 | 041014s1958 xo slo | ||
| 040 |
_aABA001 _bcze _cABA001 _dABA001 |
||
| 041 | 1 |
_aslo _hpol |
|
| 100 | 1 |
_aPrus, Bolesław, _d1847-1912 _4aut |
|
| 245 | 1 | 0 |
_aFaraón / _c[Autor:] Bolesław Prus [pseud.] ; Z pol. orig. Faraon prel. Mikuláš Stano |
| 250 | _a1. vyd. | ||
| 260 |
_aBratislava : _bSlov. vydav. krásnej lit., _c1958 |
||
| 300 |
_a683 s. ; _c8° |
||
| 490 | 1 |
_aEdícia svetových klasikov ; _vZv. 84 |
|
| 500 | _aVlastní jméno autora: Głowacki, Aleksander | ||
| 830 | 0 | _aEdícia svetových klasikov (Slovenské vydavateľstvo krásnej literatúry) | |
| 910 | _aABA001 | ||
| 942 |
_2ddc _cKLDO _n0 |
||
| 999 |
_c21108 _d21108 |
||